Explotacion bovina; planificacion y funcionamiento /

Guardado en:
Autor Principal: Oms Dalmau, Manuel
Formato: Libro
Publicado: Barcelona : Seterbi, 1979
Materias:
Etiquetas: Agregar Etiqueta
Sin Etiquetas, Sea el primero en etiquetar este registro!
LEADER 00525nam a22001815a 4500
001 CEM.cems016035
005 20111014163557.0
008 130507s1979##################000#0#####d
003 CEMS
082 0 4 |a 636.2 
100 1 |a Oms Dalmau, Manuel 
245 1 0 |a Explotacion bovina; planificacion y funcionamiento /  |c Manuel Oms Dalmau, 
260 |a Barcelona :  |b Seterbi,  |c 1979 
300 |a 261 
653 |a Bovinos 
653 |a Ganadería 
653 |a Terneros 
859 |a CEMS  |b BIB. CEMS - Agricultura  |h 636.2  |i Om7  |p A11073.82  |t Ej.1  |v 1  |3 Vol. 1